000 01046nam a22003017a 4500
001 7674
003 FISKH
005 20250730155137.0
008 250730b cb ||||| |||| 00| 0 eng d
020 _a0590984721
040 _aFISKH
_beng
_cFISKH
_dFISKH
050 _aPZ7.P219 T
082 _a813.54
100 _aParish, Peggy
245 _aThank you, Amelia Bedelia /
_cby Peggy Parish : Pictures by Barbara Siebel Thomas based on the original drawings by Fritz Siebel
250 _aFirst Scholastic printing, September 1998
260 _aNew York :
_bScholastic ,
_c1964.
300 _a64 pages :
_bcolor illustrations ;
_c22 cm .
490 _aAmelia Bedelia
505 _aK
520 _aPreparing for the arrival of an important visitor, a wacky housekeeper follows her employer's instructions with humorous results.
521 8 _a510
_bLexile
521 8 _aK
_bRaz-Plus
650 _aFigurative language
_vFiction
700 _aThomas, Barbara Siebel
_eIllustrator
942 _2ddc
_cBK
_n0
999 _c7674
_d7674